| 000 | 00393nam a22001577a 4500 | ||
|---|---|---|---|
| 003 | SGT | ||
| 020 | _a978-81-239-2646-9 | ||
| 082 |
_a614.1 _bP14S |
||
| 100 | _aSUBRAHMANYAM,B.V | ||
| 245 | _aPARIKH'S TEXTBOOK OF MEDICAL JURISPRUDENCE,FORENSIC MEDICINE AND TOXICOLOGY | ||
| 250 | _a7TH | ||
| 260 |
_aNEW DELHI _bC.B.S PUB _c2014 |
||
| 300 | _a722 | ||
| 650 | _aAYURVEDA | ||
| 942 |
_2ddc _cBK _03 |
||
| 999 |
_c14899 _d14899 |
||